000 00339nam a2200133Ia 4500
005 20251222153609.0
008 251222s9999||||xx |||||||||||||| ||spa||
082 _a347.012/J55
100 _aJimenez Vargas-Machuca, Roxana
245 0 _aIndependencia Judicial
250 _a1ra.ed.
264 _bD&L Publicaciones E.I.R.L.
942 _cLIB
999 _c31544
_d31544